Termofilik aktinomisetlerin izolasyonu, moleküler karakterizasyonu ve kompost karışımlarında etkilerinin belirlenmesi | / (Record no. 66483)
| 000 -BAŞLIK | |
|---|---|
| Sabit Uzunluktaki Kontrol Alanı | 01714nam a22004577a 4500 |
| 001 - KONTROL NUMARASI | |
| Control Dosyası | T0000611 |
| 003 - KONTROL NUMARASI KİMLİĞİ | |
| Kontrol Alanı | KOHA_MİRAKIL |
| 005 - EN SON İŞLEM TARİHİ ve ZAMANI | |
| Kontrol Alanı | 20260207004628.0 |
| 007 - FİZİKSEL TANIM SABİT ALAN - GENEL BİLGİ | |
| Sabit uzunluklu kontrol alanı | ta |
| 008 - SABİT UZUNLUKTAKİ VERİ ÖGELERİ - GENEL BİLGİ | |
| Sabit Alan | 210607b2020 tu |||grm|||#0|||0|tur | |
| 040 ## - KATALOGLAMA KAYNAĞI | |
| Özgün Kataloglama Kurumu | TR-BiSEU |
| Kataloglama Dili | tur |
| Çeviri Kurumu | TR-BiSEU |
| Açıklama Kuralları | rda |
| 041 0# - DİL KODU | |
| Metin ya da ses kaydının dil kodu | tur |
| 044 ## - YAYINLAYAN/ÜRETEN KURULUŞUN ÜLKE KODU | |
| ISO country code | tu |
| 050 00 - SINIFLAMA ve YER NUMARASI | |
| Sınıflama Numarası | Tez |
| Yer Numarası | 611 |
| 100 1# - KİŞİ ADI | |
| Yazar Adı (Kişi adı) | Ertekin, Saadet Gizem. |
| 245 1# - ESER ADI BİLDİRİMİ | |
| Başlık | Termofilik aktinomisetlerin izolasyonu, moleküler karakterizasyonu ve kompost karışımlarında etkilerinin belirlenmesi |
| 245 1# - ESER ADI BİLDİRİMİ | |
| Başlık | / |
| Sorumluluk Bildirimi | Saadet Gizem Ertekin ; Saadet Gizem Ertekin; danışman Levent Değirmenci, Fadime Özdemir Koçak. |
| 264 #1 - ÜRERİM, YAYIN, DAĞITIM ve TELİF BİLDİRİMİ | |
| Yayın yeri | Bilecik : |
| Yayınlayan | Bilecik Şeyh Edebali Üniversitesi |
| Yayın tarihi | 2020 |
| 300 ## - FİZİKSEL TANIMLAMA | |
| Sayfa, Cilt vb. | xi, 137 sayfa: resimli; 30 cm. + |
| Birlikteki Materyal | 1 CD-ROM |
| 336 ## - İÇERİK TÜRÜ | |
| Content type term | metin |
| Content type code | txt |
| Source | rdacontent |
| 337 ## - MEDYA TÜRÜ | |
| Media type term | aracısız |
| Media type code | n |
| Source | rdamedia |
| 338 ## - TAŞIYICI TÜRÜ | |
| Carrier type term | cilt |
| Carrier type code | nc |
| Source | rdacarrier |
| 490 0# - DİZİ BİLDİRİMİ | |
| Dizi Bildirimi | Ref. |
| 490 0# - DİZİ BİLDİRİMİ | |
| Dizi Bildirimi | No: 10369927 |
| 500 ## - GENEL NOT | |
| Genel Not | Kaynakça var. |
| 500 ## - GENEL NOT | |
| Genel Not | İngilizce Eser Adı: Isolation and molecular characterization of thermophilic actinomyctes and investigation of their effects in compost mixtures |
| 502 ## - TEZ NOTU | |
| Tez Notu | Tez (Yüksek Lisans) -- Bilecik Şeyh Edebali Üniversitesi Fen Bilimleri Enstitüsü Biyoteknoloji Anabilim Dalı, Bilecik, . |
| 650 #0 - KONU BAŞLIĞI EK GİRİŞ - KONU TERİMİ | |
| Konusal terim veya coğrafi ad | Kompost. |
| 9 (RLIN) | 124671 |
| 650 #0 - KONU BAŞLIĞI EK GİRİŞ - KONU TERİMİ | |
| Konusal terim veya coğrafi ad | Streptomyces Sp. |
| 9 (RLIN) | 124672 |
| 650 #0 - KONU BAŞLIĞI EK GİRİŞ - KONU TERİMİ | |
| Konusal terim veya coğrafi ad | Organik Madde. |
| 9 (RLIN) | 124673 |
| 650 #0 - KONU BAŞLIĞI EK GİRİŞ - KONU TERİMİ | |
| Konusal terim veya coğrafi ad | Enzim Testi. |
| 9 (RLIN) | 124674 |
| 650 #0 - KONU BAŞLIĞI EK GİRİŞ - KONU TERİMİ | |
| Konusal terim veya coğrafi ad | Çimlenme İndeksi. |
| 9 (RLIN) | 124675 |
| 650 #0 - KONU BAŞLIĞI EK GİRİŞ - KONU TERİMİ | |
| Konusal terim veya coğrafi ad | Compost. |
| 9 (RLIN) | 124676 |
| 650 #0 - KONU BAŞLIĞI EK GİRİŞ - KONU TERİMİ | |
| Konusal terim veya coğrafi ad | Organic Matter. |
| 9 (RLIN) | 124677 |
| 650 #0 - KONU BAŞLIĞI EK GİRİŞ - KONU TERİMİ | |
| Konusal terim veya coğrafi ad | Enzyme Test. |
| 9 (RLIN) | 124678 |
| 650 #0 - KONU BAŞLIĞI EK GİRİŞ - KONU TERİMİ | |
| Konusal terim veya coğrafi ad | Germination İndex. |
| 9 (RLIN) | 124679 |
| 830 0# - SERİ EK GİRİŞİ - TEKBİÇİM ESER ADI | |
| Tekbiçim Başlık | Ref. |
| 9 (RLIN) | 123605 |
| 830 0# - SERİ EK GİRİŞİ - TEKBİÇİM ESER ADI | |
| Tekbiçim Başlık | No: 10369927 |
| 9 (RLIN) | 124680 |
| 856 40 - ELEKTRONİK YER ve ERİŞİM | |
| Kaynak Tanımlayıcı (URL) | <a href="https://hdl.handle.net/11552/1768">https://hdl.handle.net/11552/1768</a> |
| 907 ## - LOCAL DATA ELEMENT G, LDG (RLIN) | |
| a | Yüksek Lisans |
| 942 ## - EK GİRİŞ ÖGELERİ (KOHA) | |
| Source of classification or shelving scheme | Library of Congress Classification |
| Koha item type | Thesis |
| Materyal Türü | Kalıcı Konum | Mevcut Konum | Raf Yeri | Sınıflandırma Kaynağı | Edinim Bilgisi | Yer Numarası | Demirbaş Numarası | Fatura Tarihi | Geri Çekilme Durumu | Kayıp Durumu | Hasarlı Durumu | Kredi için değil | Kayıt Tarih | Toplam Ödünçverme | Son Görülme Tarihi | Son Kontrol Tarihi |
|---|---|---|---|---|---|---|---|---|---|---|---|---|---|---|---|---|
| Thesis | Prof. Dr. Azmi Özcan Kütüphanesi | Prof. Dr. Azmi Özcan Kütüphanesi | Depo | Library of Congress Classification | Bağış | Tez/611 | T0000611 | 02/02/2026 | 07/06/2021 | 05/12/2024 | 05/12/2024 |
